Helsinki neighbourhoods (pic click) Quiz Stats

 Plays Quiz not verified by Sporcle

Score 0/59 Timer 06:00
0 Plays Today
% Correct
Länsisatama
69%
Lauttasaari
69%
Vuosaari
67.4%
Pasila
66.8%
Ulkosaaret
66.8%
Herttoniemi
66.3%
Etu-Tö
65.2%
Taka-Tö
65.2%
Katajan.
64.7%
Kaivop.
64.7%
Kulosaari
64.7%
Suomenlinna
64.1%
Must.-Kork.
63.6%
Santahamina
61.4%
Meilahti
60.9%
Kamppi
60.3%
Laajasalo
60.3%
Kallio
59.8%
Viikki
59.8%
Kluuvi
58.7%
Munkkiniemi
58.2%
Oulunkylä
57.6%
Punav.
55.4%
Sörnäinen
55.4%
Malmi
55.4%
Haaga
54.3%
Ullanl.
53.3%
Pakila
52.7%
Mellunkylä
52.7%
Kruununh.
51.6%
% Correct
Käpylä
51.1%
Vanhak.
51.1%
Alppih.
50.5%
Kaartink.
50%
Eira
50%
Ruskeas.
49.5%
Pukinmäki
48.9%
Hermanni
46.2%
Konala
46.2%
Suurmetsä
45.7%
Östersundom
45.7%
Kumpula
45.1%
Tuomarinkylä
45.1%
Tapaninkylä
45.1%
Vartiosaari
45.1%
Pitäjänmäki
44.6%
Suutarila
44%
Ultuna
44%
Kaarela
43.5%
Vartiokylä
43.5%
Laakso
41.8%
Vallila
41.8%
Karhusaari
40.8%
Toukola
38.6%
Villinki
38.6%
Salmenkallio
35.9%
Talosaari
35.9%
Koskela
35.3%
Tammisalo
34.8%

You're not logged in!

Compare scores with friends on all Sporcle quizzes.
Join for Free
OR
Log In

You Might Also Like...

Show Comments

Extras

Top Quizzes Today


Score Distribution

Your Account Isn't Verified!

In order to create a playlist on Sporcle, you need to verify the email address you used during registration. Go to your Sporcle Settings to finish the process.

Report this User

Report this user for behavior that violates our Community Guidelines.

Details: